[Event "Bundesliga 0102"]
[Site "Deutschland"]
[Date "2002.03.17"]
[Round "11.5"]
[White "Nunn, John DM"]
[Black "Lobron, Eric"]
[Result "1-0"]
[WhiteElo "2595"]
[BlackElo "2517"]
[PlyCount "73"]
[EventDate "2001.10.06"]
[EventType "team"]
[EventRounds "15"]
[EventCountry "GER"]
[SourceTitle "Bundesliga 0102"]
[Source "DeepChess"]
[SourceDate "2005.01.01"]
[SourceVersion "1"]
[SourceVersionDate "2005.01.01"]
[SourceQuality "1"]
[WhiteTeam "Luebecker SV von 1873 "]
[BlackTeam "SG 1868 Aljech. Solingen"]
[WhiteTeamCountry "GER"]
[BlackTeamCountry "GER"]

1. e4 e6 2. d4 d5 3. Nc3 Nf6 4. e5 Nfd7 5. f4 c5 6. Nf3 Nc6 7. Be3 cxd4 8. Nxd4
Bc5 9. Qd2 a6 10. g3 O-O 11. Bg2 Bxd4 12. Bxd4 b5 13. Bf2 Bb7 14. O-O Qe7 15.
Rad1 Rfd8 16. Ne2 Nc5 17. Nd4 Ne4 18. Qe2 b4 19. Be3 Rac8 20. Nb3 Qc7 21. Bxe4
dxe4 22. Qc4 a5 23. Qb5 Rxd1 24. Rxd1 Rd8 25. Rxd8+ Qxd8 26. Kf2 Qc8 27. Nc5
Ba8 28. Qa6 Qd8 29. Nd7 b3 30. axb3 Nb4 31. Qd6 Qc8 32. c4 Nd3+ 33. Kg1 Bc6 34.
Nb6 Qe8 35. Qc7 h5 36. Nc8 Qd7 37. Qxc6 1-0

[Event "Bundesliga 0102"]
[Site "Deutschland"]
[Date "2002.03.17"]
[Round "11.6"]
[White "Emms, John M"]
[Black "Hansen, Lars Bo"]
[Result "1/2-1/2"]
[WhiteElo "2532"]
[BlackElo "2586"]
[PlyCount "102"]
[EventDate "2001.10.06"]
[EventType "team"]
[EventRounds "15"]
[EventCountry "GER"]
[SourceTitle "Bundesliga 0102"]
[Source "DeepChess"]
[SourceDate "2005.01.01"]
[SourceVersion "1"]
[SourceVersionDate "2005.01.01"]
[SourceQuality "1"]
[WhiteTeam "SG 1868 Aljech. Solingen"]
[BlackTeam "Luebecker SV von 1873 "]
[WhiteTeamCountry "GER"]
[BlackTeamCountry "GER"]

1. e4 c6 2. c4 d5 3. exd5 cxd5 4. cxd5 Nf6 5. Nc3 Nxd5 6. Nf3 e6 7. Bc4 Nc6 8.
O-O Be7 9. d4 O-O 10. Re1 Bf6 11. Ne4 b6 12. Nxf6+ Nxf6 13. Bg5 Bb7 14. a3 Rc8
15. Ba2 Ne7 16. Ne5 Nfd5 17. Qg4 Rc7 18. Rac1 Rxc1 19. Rxc1 Qe8 20. Bxd5 exd5
21. Bxe7 Qxe7 22. h3 Qd6 23. Qd7 Qxd7 24. Nxd7 Rc8 25. Rxc8+ Bxc8 26. Ne5 Bb7
27. h4 f6 28. Nd3 g6 29. f3 Kf7 30. Kf2 h6 31. g4 g5 32. Kg3 a5 33. f4 Ba6 34.
Nc1 Bc4 35. b3 Bb5 36. Na2 Bc6 37. Nc3 Ke7 38. Ne2 Bb5 39. Ng1 Bd3 40. Nh3 Bc2
41. b4 axb4 42. axb4 Kd6 43. fxg5 fxg5 44. hxg5 hxg5 45. Nxg5 Kc6 46. Kf4 Kb5
47. Ke5 Bd1 48. Kxd5 Bxg4 49. Nf7 Kxb4 50. Kc6 Kc3 51. Kxb6 Kxd4 1/2-1/2

[Event "Bundesliga 0102"]
[Site "Deutschland"]
[Date "2002.03.17"]
[Round "11.7"]
[White "Conquest, Stuart"]
[Black "Chandler, Murray G"]
[Result "1/2-1/2"]
[WhiteElo "2565"]
[BlackElo "2540"]
[PlyCount "49"]
[EventDate "2001.10.06"]
[EventType "team"]
[EventRounds "15"]
[EventCountry "GER"]
[SourceTitle "Bundesliga 0102"]
[Source "DeepChess"]
[SourceDate "2005.01.01"]
[SourceVersion "1"]
[SourceVersionDate "2005.01.01"]
[SourceQuality "1"]
[WhiteTeam "Luebecker SV von 1873 "]
[BlackTeam "SG 1868 Aljech. Solingen"]
[WhiteTeamCountry "GER"]
[BlackTeamCountry "GER"]

1. Nf3 Nf6 2. c4 e6 3. g3 d5 4. Bg2 dxc4 5. Qa4+ Nbd7 6. Qxc4 c5 7. O-O a6 8.
Qb3 Rb8 9. d4 Bd6 10. Rd1 Qe7 11. dxc5 Bxc5 12. Nc3 h6 13. a4 O-O 14. a5 b6 15.
axb6 Bxb6 16. Qc2 Bb7 17. Nd4 Bxg2 18. Kxg2 Bxd4 19. Rxd4 Nc5 20. Rc4 Nb3 21.
Ra2 Qb7+ 22. f3 Nxc1 23. Qxc1 Rfc8 24. Rxc8+ Rxc8 25. Qd2 1/2-1/2

[Event "Bundesliga 0102"]
[Site "Deutschland"]
[Date "2002.03.17"]
[Round "11.8"]
[White "Naumann, Alexander"]
[Black "Agdestein, Simen"]
[Result "1/2-1/2"]
[WhiteElo "2480"]
[BlackElo "2572"]
[PlyCount "60"]
[EventDate "2001.10.06"]
[EventType "team"]
[EventRounds "15"]
[EventCountry "GER"]
[SourceTitle "Bundesliga 0102"]
[Source "DeepChess"]
[SourceDate "2005.01.01"]
[SourceVersion "1"]
[SourceVersionDate "2005.01.01"]
[SourceQuality "1"]
[WhiteTeam "SG 1868 Aljech. Solingen"]
[BlackTeam "Luebecker SV von 1873 "]
[WhiteTeamCountry "GER"]
[BlackTeamCountry "GER"]

1. d4 e6 2. c4 f5 3. g3 Nf6 4. Bg2 c6 5. Nf3 d5 6. O-O Bd6 7. b3 Qe7 8. Bb2 b6
9. Qc1 Bb7 10. Ba3 Nbd7 11. Bxd6 Qxd6 12. Qa3 Qxa3 13. Nxa3 Ke7 14. Rfc1 c5 15.
e3 Rhd8 16. cxd5 Bxd5 17. Nb5 a6 18. Nc3 Rac8 19. Nxd5+ Nxd5 20. a3 Kf6 21. Bf1
a5 22. Bb5 Rc7 23. Bxd7 Rdxd7 24. dxc5 bxc5 25. Ra2 a4 26. bxa4 c4 27. Rac2 c3
28. Nd4 Ra7 29. Nb5 Rxa4 30. Nxc3 Rxa3 1/2-1/2

[Event "Bundesliga 0102"]
[Site "Deutschland"]
[Date "2002.03.17"]
[Round "11.2"]
[White "Stohl, Igor"]
[Black "Babula, Vlastimil"]
[Result "1/2-1/2"]
[WhiteElo "2533"]
[BlackElo "2566"]
[PlyCount "29"]
[EventDate "2001.10.06"]
[EventType "team"]
[EventRounds "15"]
[EventCountry "GER"]
[SourceTitle "Bundesliga 0102"]
[Source "DeepChess"]
[SourceDate "2005.01.01"]
[SourceVersion "1"]
[SourceVersionDate "2005.01.01"]
[SourceQuality "1"]
[WhiteTeam "SF Neukoelln 03 e.V."]
[BlackTeam "SAbt SV Werder Bremen"]
[WhiteTeamCountry "GER"]
[BlackTeamCountry "GER"]

1. d4 d5 2. c4 c6 3. Nc3 Nf6 4. e3 a6 5. Qc2 g6 6. Bd3 Bg7 7. Nf3 O-O 8. O-O
Bg4 9. Ne5 Be6 10. c5 Nbd7 11. Nxd7 Qxd7 12. Bd2 Qc7 13. b4 Ng4 14. f4 Bd7 15.
a4 1/2-1/2

[Event "Bundesliga 0102"]
[Site "Deutschland"]
[Date "2002.03.17"]
[Round "11.3"]
[White "Pelletier, Yannick"]
[Black "Berndt, Stephan"]
[Result "1-0"]
[WhiteElo "2531"]
[BlackElo "2479"]
[PlyCount "139"]
[EventDate "2001.10.06"]
[EventType "team"]
[EventRounds "15"]
[EventCountry "GER"]
[SourceTitle "Bundesliga 0102"]
[Source "DeepChess"]
[SourceDate "2005.01.01"]
[SourceVersion "1"]
[SourceVersionDate "2005.01.01"]
[SourceQuality "1"]
[WhiteTeam "SAbt SV Werder Bremen"]
[BlackTeam "SF Neukoelln 03 e.V."]
[WhiteTeamCountry "GER"]
[BlackTeamCountry "GER"]

1. Nf3 Nf6 2. c4 g6 3. Nc3 d5 4. cxd5 Nxd5 5. Qb3 Nb6 6. d4 Bg7 7. Bg5 Be6 8.
Qc2 c5 9. dxc5 N6d7 10. e3 Nc6 11. Be2 Qa5 12. O-O Qxc5 13. Rac1 h6 14. Bf4 O-O
15. Qb1 Qa5 16. a3 Rac8 17. e4 Nde5 18. Nxe5 Nxe5 19. Rfd1 Bb3 20. Rd2 Rfd8 21.
Nd5 Kf8 22. h3 b5 23. Rxc8 Rxc8 24. Qe1 Bc4 25. Nxe7 Re8 26. Bxe5 Bxe5 27. Nc6
Qc7 28. Nxe5 Qxe5 29. Bf3 Kg7 30. Qe3 Re7 31. g3 f5 32. exf5 Qxe3 33. fxe3 Rxe3
34. Kf2 Re7 35. fxg6 Kxg6 36. Be2 Bxe2 37. Rxe2 Rc7 38. Kf3 Rd7 39. Re6+ Kg7
40. Re5 a6 41. Ke3 Kf6 42. Rh5 Kg6 43. Rc5 Rd6 44. Ke4 Kf6 45. b4 Ke6 46. g4
Kf6 47. Rf5+ Kg6 48. Rc5 Kf6 49. h4 Re6+ 50. Kd4 Rd6+ 51. Rd5 Rc6 52. Rf5+ Ke6
53. Rc5 Rd6+ 54. Ke4 Kf6 55. Rf5+ Kg6 56. Rd5 Re6+ 57. Kd4 Kg7 58. h5 Rc6 59.
Rc5 Re6 60. Rc7+ Kg8 61. Ra7 Rf6 62. Ke5 Rc6 63. Kf5 Rd6 64. Re7 Rd5+ 65. Re5
Rd3 66. Re6 Rxa3 67. Kg6 Kf8 68. Kxh6 a5 69. bxa5 Rxa5 70. g5 1-0

[Event "Bundesliga 0102"]
[Site "Deutschland"]
[Date "2002.03.17"]
[Round "11.4"]
[White "Borriss, Martin"]
[Black "Knaak, Rainer"]
[Result "1-0"]
[WhiteElo "2445"]
[BlackElo "2494"]
[PlyCount "83"]
[EventDate "2001.10.06"]
[EventType "team"]
[EventRounds "15"]
[EventCountry "GER"]
[SourceTitle "Bundesliga 0102"]
[Source "DeepChess"]
[SourceDate "2005.01.01"]
[SourceVersion "1"]
[SourceVersionDate "2005.01.01"]
[SourceQuality "1"]
[WhiteTeam "SF Neukoelln 03 e.V."]
[BlackTeam "SAbt SV Werder Bremen"]
[WhiteTeamCountry "GER"]
[BlackTeamCountry "GER"]

1. e4 e6 2. d4 d5 3. Nc3 Nf6 4. e5 Nfd7 5. f4 c5 6. Nf3 Nc6 7. Be3 cxd4 8. Nxd4
Bc5 9. Qd2 a6 10. O-O-O Qc7 11. h4 Nxd4 12. Bxd4 b5 13. g4 Bb7 14. g5 b4 15.
Ne2 Be7 16. h5 a5 17. Kb1 a4 18. Rh3 Ba6 19. g6 fxg6 20. hxg6 h6 21. f5 exf5
22. Nf4 Bxf1 23. Ne6 Qc4 24. b3 axb3 25. axb3 Qc6 26. Nxg7+ Kd8 27. Rxf1 Qa6
28. Qd3 Qa2+ 29. Kc1 Ra6 30. e6 Bg5+ 31. Kd1 Re8 32. Nxe8 Rxe6 33. Re3 Bxe3 34.
Bxe3 Rxe8 35. Rxf5 Qa1+ 36. Kd2 Qc3+ 37. Qxc3 bxc3+ 38. Kd3 Ne5+ 39. Kxc3 Nxg6
40. Rxd5+ Kc7 41. Bxh6 Re4 42. Rd4 1-0

[Event "Bundesliga 0102"]
[Site "Deutschland"]
[Date "2002.03.17"]
[Round "11.5"]
[White "Joachim, Sven"]
[Black "Polzin, Rainer"]
[Result "1/2-1/2"]
[WhiteElo "2443"]
[BlackElo "2469"]
[PlyCount "129"]
[EventDate "2001.10.06"]
[EventType "team"]
[EventRounds "15"]
[EventCountry "GER"]
[SourceTitle "Bundesliga 0102"]
[Source "DeepChess"]
[SourceDate "2005.01.01"]
[SourceVersion "1"]
[SourceVersionDate "2005.01.01"]
[SourceQuality "1"]
[WhiteTeam "SAbt SV Werder Bremen"]
[BlackTeam "SF Neukoelln 03 e.V."]
[WhiteTeamCountry "GER"]
[BlackTeamCountry "GER"]

1. e4 c5 2. Nf3 d6 3. d4 cxd4 4. Nxd4 Nf6 5. Nc3 g6 6. Be3 Bg7 7. f3 O-O 8. Qd2
Nc6 9. Bc4 Bd7 10. O-O-O Rc8 11. Bb3 Ne5 12. Kb1 Re8 13. h4 Nc4 14. Bxc4 Rxc4
15. g4 h5 16. gxh5 Nxh5 17. Rdg1 e6 18. Nde2 d5 19. exd5 exd5 20. Bd4 Bxd4 21.
Nxd4 Qf6 22. Nce2 Bf5 23. Rh2 Rxe2 24. Rxe2 Qxd4 25. Qxd4 Rxd4 26. Re7 Rb4 27.
a3 Rc4 28. Rg2 Bc8 29. b3 Rc6 30. Rd2 Kf8 31. Re3 Be6 32. Kb2 Kg7 33. Rc3 Rxc3
34. Kxc3 Kf6 35. Kb4 Ke7 36. Kc5 Ng7 37. Rd4 Nf5 38. Ra4 a6 39. Rb4 b5 40. a4
Nd6 41. Kb6 bxa4 42. Rxa4 Bf5 43. c4 Bd7 44. Rb4 a5 45. Kxa5 dxc4 46. bxc4 Bc6
47. c5 Nb7+ 48. Kb6 Bxf3 49. Rb3 Be4 50. h5 gxh5 51. Rh3 Nd8 52. Rxh5 f6 53.
Rh4 f5 54. Rh7+ Ke6 55. Rh6+ Ke5 56. Rh8 Nc6 57. Re8+ Kd4 58. Rf8 Ke5 59. Re8+
Kd4 60. Rf8 Nb4 61. c6 Nd5+ 62. Kb7 Ne7 63. Kb6 Nxc6 64. Rxf5 Bxf5 65. Kxc6
1/2-1/2

[Event "Bundesliga 0102"]
[Site "Deutschland"]
[Date "2002.03.17"]
[Round "11.6"]
[White "Poldauf, Dirk"]
[Black "Meins, Gerlef"]
[Result "1-0"]
[WhiteElo "2403"]
[BlackElo "2415"]
[PlyCount "73"]
[EventDate "2001.10.06"]
[EventType "team"]
[EventRounds "15"]
[EventCountry "GER"]
[SourceTitle "Bundesliga 0102"]
[Source "DeepChess"]
[SourceDate "2005.01.01"]
[SourceVersion "1"]
[SourceVersionDate "2005.01.01"]
[SourceQuality "1"]
[WhiteTeam "SF Neukoelln 03 e.V."]
[BlackTeam "SAbt SV Werder Bremen"]
[WhiteTeamCountry "GER"]
[BlackTeamCountry "GER"]

1. c4 e5 2. Nc3 Nf6 3. Nf3 Nc6 4. e4 Bb4 5. d3 d6 6. g3 O-O 7. Bg2 h6 8. h3 Be6
9. O-O Bxc3 10. bxc3 Nd7 11. Nh4 a6 12. a4 Rb8 13. Rb1 Ne7 14. g4 Ng6 15. Nf5
Nf4 16. Qf3 Bxf5 17. exf5 Nxg2 18. Kxg2 Nc5 19. h4 Qe8 20. d4 exd4 21. cxd4 Qe4
22. Qxe4 Nxe4 23. g5 Nc3 24. Rb3 Nxa4 25. gxh6 g6 26. Bg5 f6 27. fxg6 fxg5 28.
hxg5 Rf4 29. Re1 Rf5 30. Rg3 Kf8 31. Re6 Kg8 32. g7 Nb6 33. Rf6 Ra5 34. g6 Rh5
35. h7+ Kxg7 36. Rf7+ Kh6 37. g7 1-0

[Event "Bundesliga 0102"]
[Site "Deutschland"]
[Date "2002.03.17"]
[Round "11.7"]
[White "Heissler, Jakob"]
[Black "Thiede, Lars"]
[Result "1-0"]
[WhiteElo "2437"]
[BlackElo "2410"]
[PlyCount "107"]
[EventDate "2001.10.06"]
[EventType "team"]
[EventRounds "15"]
[EventCountry "GER"]
[SourceTitle "Bundesliga 0102"]
[Source "DeepChess"]
[SourceDate "2005.01.01"]
[SourceVersion "1"]
[SourceVersionDate "2005.01.01"]
[SourceQuality "1"]
[WhiteTeam "SAbt SV Werder Bremen"]
[BlackTeam "SF Neukoelln 03 e.V."]
[WhiteTeamCountry "GER"]
[BlackTeamCountry "GER"]

1. e4 g6 2. d4 Bg7 3. c3 d5 4. Nd2 c5 5. dxc5 Nf6 6. exd5 Qxd5 7. Ngf3 Qxc5 8.
Nb3 Qc7 9. Bb5+ Nbd7 10. O-O O-O 11. Re1 e5 12. Bg5 Re8 13. Nbd2 a6 14. Bxf6
Bxf6 15. Bxd7 Bxd7 16. Ne4 Bg7 17. Qd6 Qd8 18. Rad1 Bc6 19. Qc5 Qe7 20. Qxe7
Rxe7 21. Nd6 Kf8 22. Nc4 f6 23. Nb6 Rae8 24. c4 Kf7 25. b4 Rc7 26. c5 Bf8 27.
Nd2 Rd8 28. Ndc4 Rxd1 29. Rxd1 Be7 30. a4 Ke6 31. f3 f5 32. Re1 e4 33. Kf2 Bf6
34. Rd1 Bc3 35. Rb1 exf3 36. gxf3 Bd4+ 37. Kg2 Kf6 38. Na5 Re7 39. Nxc6 bxc6
40. Rd1 Bc3 41. b5 axb5 42. axb5 Re6 43. bxc6 Rxc6 44. Nd5+ Kg5 45. Nxc3 Rxc5
46. Nd5 Rc4 47. Kg3 Kh6 48. Nf4 Rc6 49. h4 Ra6 50. Rd7 Ra8 51. Nh3 Rh8 52. Ng5
Kh5 53. Nxh7 f4+ 54. Kh3 1-0

[Event "Bundesliga 0102"]
[Site "Deutschland"]
[Date "2002.03.17"]
[Round "11.8"]
[White "Rudolf, Henrik"]
[Black "Meyer, Claus Dieter"]
[Result "1/2-1/2"]
[WhiteElo "2328"]
[BlackElo "2319"]
[PlyCount "78"]
[EventDate "2001.10.06"]
[EventType "team"]
[EventRounds "15"]
[EventCountry "GER"]
[SourceTitle "Bundesliga 0102"]
[Source "DeepChess"]
[SourceDate "2005.01.01"]
[SourceVersion "1"]
[SourceVersionDate "2005.01.01"]
[SourceQuality "1"]
[WhiteTeam "SF Neukoelln 03 e.V."]
[BlackTeam "SAbt SV Werder Bremen"]
[WhiteTeamCountry "GER"]
[BlackTeamCountry "GER"]

1. e4 e5 2. Nf3 d6 3. d4 exd4 4. Qxd4 Nf6 5. Nc3 Be7 6. Bf4 O-O 7. O-O-O Nc6 8.
Qd2 a6 9. h3 b5 10. Bd3 Be6 11. Nd5 Nxd5 12. exd5 Bxd5 13. Bxh7+ Kxh7 14. Qxd5
Qd7 15. h4 Kg8 16. h5 Qg4 17. g3 Qd7 18. h6 g6 19. h7+ Kh8 20. Bh6 Bf6 21. Bxf8
Rxf8 22. Kb1 a5 23. Ng5 Ne5 24. Ne4 Bg7 25. b3 a4 26. Rhe1 axb3 27. axb3 Qc8
28. Qxb5 Qa8 29. Qa4 Qb7 30. Rd4 Ra8 31. Rb4 Qc8 32. Qb5 Nf3 33. Ra4 Nxe1 34.
Ng5 Rxa4 35. bxa4 Bf6 36. Ne4 Be5 37. f4 Bg7 38. a5 c6 39. Qb6 d5 1/2-1/2

[Event "Bundesliga 0102"]
[Site "Deutschland"]
[Date "2002.03.17"]
[Round "11.3"]
[White "Sokolov, Andrei"]
[Black "Doettling, Fabian"]
[Result "1/2-1/2"]
[WhiteElo "2604"]
[BlackElo "2518"]
[PlyCount "82"]
[EventDate "2001.10.06"]
[EventType "team"]
[EventRounds "15"]
[EventCountry "GER"]
[SourceTitle "Bundesliga 0102"]
[Source "DeepChess"]
[SourceDate "2005.01.01"]
[SourceVersion "1"]
[SourceVersionDate "2005.01.01"]
[SourceQuality "1"]
[WhiteTeam "TV Tegernsee"]
[BlackTeam "SV Castrop Rauxel 1923"]
[WhiteTeamCountry "GER"]
[BlackTeamCountry "GER"]

1. e4 c6 2. c4 d5 3. exd5 cxd5 4. cxd5 Nf6 5. Nc3 Nxd5 6. Nf3 e6 7. Bc4 Be7 8.
O-O O-O 9. d4 Nc6 10. Re1 Bf6 11. Ne4 h6 12. a3 b6 13. Qd3 Bb7 14. Bd2 Rc8 15.
Rad1 Nce7 16. Nxf6+ Nxf6 17. Ne5 Bd5 18. Ba6 Rc7 19. Qh3 Be4 20. Bb4 Bc2 21.
Rc1 Nfd5 22. Bxe7 Nxe7 23. Qf3 Bf5 24. Rxc7 Qxc7 25. Qc3 Qxc3 26. bxc3 Rd8 27.
h3 f6 28. Nf3 Kf7 29. c4 Rd7 30. Bb5 Rc7 31. a4 Nc8 32. a5 Nd6 33. axb6 axb6
34. Ra1 Bd3 35. Nd2 Nxb5 36. cxb5 Rb7 37. Ra3 Bxb5 38. Rb3 Ba4 39. Rb4 b5 40.
Ne4 Ke7 41. Nc3 Rc7 1/2-1/2

[Event "Bundesliga 0102"]
[Site "Deutschland"]
[Date "2002.03.17"]
[Round "11.4"]
[White "Appel, Ralf"]
[Black "Hertneck, Gerald"]
[Result "1-0"]
[WhiteElo "2512"]
[BlackElo "2572"]
[PlyCount "63"]
[EventDate "2001.10.06"]
[EventType "team"]
[EventRounds "15"]
[EventCountry "GER"]
[SourceTitle "Bundesliga 0102"]
[Source "DeepChess"]
[SourceDate "2005.01.01"]
[SourceVersion "1"]
[SourceVersionDate "2005.01.01"]
[SourceQuality "1"]
[WhiteTeam "SV Castrop Rauxel 1923"]
[BlackTeam "TV Tegernsee"]
[WhiteTeamCountry "GER"]
[BlackTeamCountry "GER"]

1. e4 c5 2. Nf3 d6 3. c3 Nf6 4. Be2 Nc6 5. d3 e5 6. O-O Be7 7. d4 O-O 8. d5 Nb8
9. Nbd2 Ne8 10. Nc4 f5 11. exf5 Bxf5 12. Qb3 e4 13. Nfd2 Qc7 14. f4 exf3 15.
Nxf3 Nd7 16. Bg5 Nef6 17. Ne3 Be4 18. Nd2 Bg6 19. Nf5 Rae8 20. Nc4 Bxf5 21.
Rxf5 Ne4 22. Rxf8+ Bxf8 23. Be3 Nd2 24. Bxd2 Rxe2 25. Be3 b5 26. Qd1 Rxg2+ 27.
Kxg2 bxc4 28. Qg4 Ne5 29. Qe6+ Qf7 30. Bf4 Nd3 31. Rf1 Qxe6 32. dxe6 1-0

[Event "Bundesliga 0102"]
[Site "Deutschland"]
[Date "2002.03.17"]
[Round "11.6"]
[White "Dinstuhl, Volkmar"]
[Black "Stangl, Markus"]
[Result "1/2-1/2"]
[WhiteElo "2402"]
[BlackElo "2457"]
[PlyCount "42"]
[EventDate "2001.10.06"]
[EventType "team"]
[EventRounds "15"]
[EventCountry "GER"]
[SourceTitle "Bundesliga 0102"]
[Source "DeepChess"]
[SourceDate "2005.01.01"]
[SourceVersion "1"]
[SourceVersionDate "2005.01.01"]
[SourceQuality "1"]
[WhiteTeam "SV Castrop Rauxel 1923"]
[BlackTeam "TV Tegernsee"]
[WhiteTeamCountry "GER"]
[BlackTeamCountry "GER"]

1. d4 Nf6 2. c4 g6 3. Nc3 d5 4. Bf4 Bg7 5. e3 c5 6. dxc5 Qa5 7. Rc1 dxc4 8.
Bxc4 O-O 9. Nf3 Qxc5 10. Bb3 Qa5 11. O-O Na6 12. Qd2 Rd8 13. Qe2 Nb4 14. Ng5 e6
15. Nge4 Nd3 16. Nxf6+ Bxf6 17. Ne4 Qf5 18. Nxf6+ Qxf6 19. Rcd1 Nxf4 20. Rxd8+
Qxd8 21. exf4 Bd7 1/2-1/2

[Event "Bundesliga 0102"]
[Site "Deutschland"]
[Date "2002.03.17"]
[Round "11.7"]
[White "Gross, David2"]
[Black "Hennig, Dirk"]
[Result "1-0"]
[WhiteElo "2463"]
[BlackElo "2428"]
[PlyCount "61"]
[EventDate "2001.10.06"]
[EventType "team"]
[EventRounds "15"]
[EventCountry "GER"]
[SourceTitle "Bundesliga 0102"]
[Source "DeepChess"]
[SourceDate "2005.01.01"]
[SourceVersion "1"]
[SourceVersionDate "2005.01.01"]
[SourceQuality "1"]
[WhiteTeam "TV Tegernsee"]
[BlackTeam "SV Castrop Rauxel 1923"]
[WhiteTeamCountry "GER"]
[BlackTeamCountry "GER"]

1. e4 c6 2. d4 d5 3. Nd2 g6 4. Ngf3 Bg7 5. h3 Nh6 6. Bd3 O-O 7. O-O b6 8. Qe2
a5 9. Re1 e6 10. Nf1 Ba6 11. c4 dxe4 12. Qxe4 Nf5 13. Bg5 Bf6 14. Bxf6 Qxf6 15.
Ne3 Nd6 16. Qe5 Qxe5 17. dxe5 Nb7 18. Red1 Nc5 19. Be2 Ra7 20. Ng4 Kg7 21. Nf6
Nbd7 22. Nxd7 Nxd7 23. Rd6 Rc8 24. Rad1 Rcc7 25. b3 Kf8 26. Nd4 Nxe5 27. f4 c5
28. Nxe6+ fxe6 29. fxe5 Ke7 30. Rxb6 Bc8 31. Rdd6 1-0

[Event "Bundesliga 0102"]
[Site "Deutschland"]
[Date "2002.03.17"]
[Round "11.8"]
[White "Brendel, Oliver"]
[Black "Kachiani Gersinska, Ketino"]
[Result "1/2-1/2"]
[WhiteElo "2376"]
[BlackElo "2453"]
[PlyCount "109"]
[EventDate "2001.10.06"]
[EventType "team"]
[EventRounds "15"]
[EventCountry "GER"]
[SourceTitle "Bundesliga 0102"]
[Source "DeepChess"]
[SourceDate "2005.01.01"]
[SourceVersion "1"]
[SourceVersionDate "2005.01.01"]
[SourceQuality "1"]
[WhiteTeam "SV Castrop Rauxel 1923"]
[BlackTeam "TV Tegernsee"]
[WhiteTeamCountry "GER"]
[BlackTeamCountry "GER"]

1. e4 c6 2. d4 d5 3. Nc3 dxe4 4. Nxe4 Bf5 5. Ng3 Bg6 6. N1e2 e6 7. Nf4 Qc7 8.
c3 Nf6 9. h4 Bd6 10. Qf3 Nbd7 11. h5 Bc2 12. h6 g6 13. Nd3 Qa5 14. Bf4 Bxf4 15.
Qxf4 Bxd3 16. Bxd3 e5 17. Qg5 O-O-O 18. O-O Qd5 19. dxe5 Qxe5 20. Qh4 Rhe8 21.
Bc4 Qe7 22. Rad1 Ne5 23. Bb3 Rxd1 24. Rxd1 Nfg4 25. Qxe7 Rxe7 26. Ne4 Nxh6 27.
Nf6 Neg4 28. Nxg4 Nxg4 29. f3 Ne5 30. Kf2 h5 31. Kg3 g5 32. f4 h4+ 33. Kh3 gxf4
34. Rf1 Ng6 35. Rf2 Kd7 36. Kg4 Ne5+ 37. Kf5 f3 38. gxf3 h3 39. f4 Nd3 40. Rd2
Re3 41. Bc4 h2 42. Rxh2 Ke7 43. Bxd3 Rxd3 44. Re2+ Kf8 45. Kf6 Rd6+ 46. Kg5
Rg6+ 47. Kf5 Rd6 48. Kg5 Rg6+ 49. Kf5 Rd6 50. c4 Rd4 51. b3 Rd6 52. Kg5 Rg6+
53. Kf5 Rd6 54. Kg5 Rg6+ 55. Kf5 1/2-1/2

[Event "Bundesliga 0102"]
[Site "Deutschland"]
[Date "2002.03.17"]
[Round "11.1"]
[White "Golubev, Mihail"]
[Black "Aronian, Levon"]
[Result "0-1"]
[WhiteElo "2526"]
[BlackElo "2562"]
[PlyCount "75"]
[EventDate "2001.10.06"]
[EventType "team"]
[EventRounds "15"]
[EventCountry "GER"]
[SourceTitle "Bundesliga 0102"]
[Source "DeepChess"]
[SourceDate "2005.01.01"]
[SourceVersion "1"]
[SourceVersionDate "2005.01.01"]
[SourceQuality "1"]
[WhiteTeam "Stuttgarter SF 1879"]
[BlackTeam "SV Wattenscheid 1930"]
[WhiteTeamCountry "GER"]
[BlackTeamCountry "GER"]

1. e4 c5 2. Nf3 d6 3. d4 cxd4 4. Nxd4 Nf6 5. Nc3 a6 6. Bc4 e6 7. Bb3 Be7 8. f4
Nbd7 9. O-O b5 10. Be3 Qc7 11. f5 Nc5 12. fxe6 fxe6 13. a3 Nxb3 14. cxb3 O-O
15. Qf3 Qb7 16. Qh3 Nxe4 17. Rxf8+ Bxf8 18. Rf1 Nxc3 19. bxc3 Bd7 20. Qh5 g6
21. Qh4 e5 22. Ne2 Qd5 23. Ng3 Bc6 24. Rf2 Qxb3 25. Bh6 Qxc3 26. Qg5 Qa1+ 27.
Rf1 Qd4+ 28. Rf2 Bxh6 29. Qxh6 Re8 30. Nf1 a5 31. Ne3 b4 32. axb4 axb4 33. h4
b3 34. Kh2 b2 35. Nf5 gxf5 36. Qg5+ Kf7 37. Rxf5+ Ke6 38. Qg7 0-1

[Event "Bundesliga 0102"]
[Site "Deutschland"]
[Date "2002.03.17"]
[Round "11.2"]
[White "Rustemov, Alexander"]
[Black "Hickl, Joerg"]
[Result "1/2-1/2"]
[WhiteElo "2607"]
[BlackElo "2600"]
[PlyCount "82"]
[EventDate "2001.10.06"]
[EventType "team"]
[EventRounds "15"]
[EventCountry "GER"]
[SourceTitle "Bundesliga 0102"]
[Source "DeepChess"]
[SourceDate "2005.01.01"]
[SourceVersion "1"]
[SourceVersionDate "2005.01.01"]
[SourceQuality "1"]
[WhiteTeam "SV Wattenscheid 1930"]
[BlackTeam "Stuttgarter SF 1879"]
[WhiteTeamCountry "GER"]
[BlackTeamCountry "GER"]

1. d4 d6 2. Nf3 Nf6 3. c4 Nbd7 4. Nc3 c6 5. e4 e5 6. Be2 Be7 7. O-O O-O 8. Qc2
a6 9. Rd1 Qc7 10. Rb1 Re8 11. dxe5 dxe5 12. b4 Nf8 13. h3 Be6 14. Be3 Rad8 15.
c5 h6 16. Na4 N6h7 17. Nb6 Rxd1+ 18. Rxd1 Rd8 19. Nc4 Rxd1+ 20. Qxd1 Ng6 21.
Qc1 Nf6 22. Qc2 Nh7 23. Qc1 Nf6 24. Bd3 Nd7 25. a3 Nh4 26. Nfd2 Qd8 27. g3 Ng6
28. Bf1 h5 29. h4 Nf6 30. f3 Nd7 31. Bf2 Ngf8 32. Be3 g5 33. hxg5 Bxg5 34. f4
exf4 35. gxf4 Bh6 36. Nf3 Bg4 37. Nfe5 Qh4 38. Bf2 Qf6 39. Nxg4 hxg4 40. e5
Bxf4 41. exf6 Bxc1 1/2-1/2

[Event "Bundesliga 0102"]
[Site "Deutschland"]
[Date "2002.03.17"]
[Round "11.3"]
[White "Gabriel, Christian"]
[Black "Hall, Jesper"]
[Result "1-0"]
[WhiteElo "2545"]
[BlackElo "2501"]
[PlyCount "61"]
[EventDate "2001.10.06"]
[EventType "team"]
[EventRounds "15"]
[EventCountry "GER"]
[SourceTitle "Bundesliga 0102"]
[Source "DeepChess"]
[SourceDate "2005.01.01"]
[SourceVersion "1"]
[SourceVersionDate "2005.01.01"]
[SourceQuality "1"]
[WhiteTeam "Stuttgarter SF 1879"]
[BlackTeam "SV Wattenscheid 1930"]
[WhiteTeamCountry "GER"]
[BlackTeamCountry "GER"]

1. d4 Nf6 2. c4 e6 3. Nc3 Bb4 4. Qc2 O-O 5. a3 Bxc3+ 6. Qxc3 Ne4 7. Qc2 f5 8.
Nh3 d6 9. f3 Nf6 10. e3 e5 11. dxe5 dxe5 12. Nf2 Nc6 13. Be2 a5 14. b3 Be6 15.
O-O Nd7 16. Bb2 f4 17. exf4 Rxf4 18. Bd3 h6 19. Be4 a4 20. b4 Nb6 21. Nd3 Rxe4
22. fxe4 Bxc4 23. Nxe5 Bxf1 24. Rxf1 Qe8 25. Nf3 Qe7 26. b5 Nd8 27. Nd4 Qd7 28.
Rf3 Kh7 29. h4 Rc8 30. e5+ Kg8 31. Qg6 1-0